| 000 | 00524nam a22001697a 4500 | ||
|---|---|---|---|
| 005 | 20251108172222.0 | ||
| 008 | 250721s1987 xx 000 0 ara d | ||
| 082 | 1 | 4 | _aط/ق/إبر |
| 100 | 1 | _aالمسلم، إبراهيم | |
| 245 | 1 | 0 | _aالنصيب بن رباح / |
| 264 | 1 |
_aبيروت : _bدار الأصالة للثقافة و النشر، _c1987. |
|
| 300 | _a56ص | ||
| 490 | 0 | _aقصص أدبية من تراثنا العربي ؛ 5 | |
| 650 | 1 | 7 | _aأدب الأطفال |
| 942 |
_2ddc _cBK |
||
| 999 |
_c73433 _d73433 |
||